| 000 | 00411 a2200157 4500 | ||
|---|---|---|---|
| 003 | Nust | ||
| 005 | 20170207153621.0 | ||
| 040 | _cNust | ||
| 082 | _a355.30954 | ||
| 100 | _aBrigadier khushnud Iqbal | ||
| 245 |
_aPakistan Army Green Book-2010 _cBrigadier khushnud Iqbal |
||
| 260 |
_aRawalpindi _bGeneral Headquarters _c2010 |
||
| 300 | _a238p. | ||
| 538 | _aAlmirah No.54 and Shelf No.1 | ||
| 650 | _aPak-Army Green Book | ||
| 942 | _cPER | ||
| 999 |
_c189529 _d189529 |
||